WWE - Name a Valid Answer: 2000's Edition - Statistics

General Stats
  • This quiz has been taken 114 times
  • The average score is 12 of 15
Answer Stats
Name a wrestler that ... Valid answer(s) % Correct
won the World Heavyweight Championship from 2007 to 2009 Batista | Chris Jericho | CM Punk | Edge | The Great Khali | Jeff Hardy | John Cena | The Undertaker
95%
won a singles TLC match CM Punk | Edge | John Cena
92%
was a WWE roster member who lost a match at the Invasion PPV in 2001 Albert | The Big Show | Billy Gunn | Chris Jericho | Jeff Hardy | Kane | Kurt Angle | Stone Cold Steve Austin | The Undertaker | William Regal | X-Pac
90%
was one of the final four wrestlers in the 2009 Royal Rumble match Cody Rhodes | Randy Orton | Ted DiBiase | Triple H
89%
won any version of a Tag Team Championship in 2008 Batista | Carlito | CM Punk | Cody Rhodes | Curt Hawkins | John Cena | John Morrison | Kofi Kingston | The Miz | Primo | Ted DiBiase | Zack Ryder
87%
challenged for the WWE Championship on a PPV during this decade but never won the title in their career Booker T | The Brian Kendrick | Carlito | Chris Benoit | Chris Masters | Christian | The Great Khali | Hardcore Holly | MVP | Rikishi | Shane McMahon | Shelton Benjamin | Umaga | Vladimir Kozlov
84%
won the Hardcore Championship at a WrestleMania Crash Holly | Christian | Funaki | Hardcore Holly | The Hurricane | Joey Abs | Kane | Maven | Mighty Molly | Pete Gas | Rodney | Spike Dudley | Tazz | Thrasher | Viscera
84%
won a match at the final PPV of the decade - TLC 2009 Christian | Drew McIntyre | Michelle McCool | Randy Orton | Shawn Michaels | Sheamus | Triple H | The Undertaker
82%
won a match on the first Tribute to the Troops event in 2003 Bradshaw | Eddie Guerrero | Faarooq | John Cena | Rikishi
80%
faced Kane after he lost his mask in a PPV match in 2003 Goldberg | Rob Van Dam | Shane McMahon | Triple H
79%
won the United States Championship in 2003 The Big Show | Eddie Guerrero
77%
was a member of the La Familia stable Bam Neely | Chavo Guerrero | Curt Hawkins | Edge | Vickie Guerrero | Zack Ryder
75%
won a match at the first New Year's Revolution PPV in 2005 Eugene | Kane | Muhammad Hassan | Shelton Benjamin | Triple H | Trish Stratus | William Regal
70%
lost a tag team or handicap Hell in a Cell match The Big Show | Cody Rhodes | Shane McMahon | Ted DiBiase | Vince McMahon
68%
faced Jim Ross in a match during the decade Al Snow | Eric Bischoff | Jonathan Coachman | Lance Storm | Triple H | William Regal
62%
No matching quizzes found
Score Distribution
Percent of People with Each Score
Percentile by Number Answered
Your Score History
You have not taken this quiz